000 00570nam a2200181Ia 4500
008 151018s9999 xx 000 0 und d
082 _bRBASDV12680
_a891.463
100 _aदुर्गा - भागवत
245 _aतुळशीचे लग्न
250 _b1
260 _bवरदा बुक्स
_c1975
300 _a40
600 _aदुर्गा - भागवत
630 _aतुळशीचे लग्न
700 _aदुर्गा - भागवत
730 _aतुळशीचे लग्न
942 _cBOOK
999 _c1014924
_d1014921